000 00777nam a2200241Ia 4500
005 20220511111314.0
008 210716s2009 xx 000 0 und d
020 _a9788174466907
040 _cAIMIT LIBRARY
041 _aeng
082 _a658.322
_21
_bDEBT
100 _aDeb, Tapomoy.
_935938
245 _aCompensation management :
_bText and cases /
_cBy Tapomoy Deb
250 _a1st ed.
260 _aNew Delhi :
_bExcel Books /
_c2009.
300 _axvii, 419p ;
_b24 cm.
650 _aCompensation Management
_935939
650 _aProcess of Compensation Management
_935940
650 _aPerformance Linked Compensation
_935941
650 _aCompensation Administration
_935942
650 _aExecutive Compensation
_935943
942 _2ddc
_cBK
_e1st
_k658.322 DEBT
999 _c204884
_d204884